00426nam a2200169Ia 450000500170000000800410001702000120005804000190007004100120008908200130010110000210011424500530013526000280018830000120021665000180022885000100024620240806114841.0131103s9999 xx 000 0 und d cRs.3.50 aLoreto College aEnglish a822bGAL aGalsworthy, John aStrifeb a drama in three acts cJohn Galsworthy aLondonbDuckworthc1973 a124 p.  aEnglish Drama aLCBED